| 000 | 01084cab a2200229 4500 | ||
|---|---|---|---|
| 001 | E84086 | ||
| 008 | 090401t1997 xxu||||| |||| 00| 0 eng d | ||
| 035 | _a(Sirsi) u78472 | ||
| 041 | _aeng | ||
| 245 | _aMacFarlane v Falfield Investments Ltd | ||
| 260 | _c1997 | ||
| 350 | _a0 | ||
| 490 |
_aScots Law Times _v1997 SLT 518-525(8) |
||
| 520 | _aOuter House. Lord Marnoch. 21 June 1996. Landlord and tenant - agricultural holding - lease to limited partnership of which landlord a partner - validity - whether void as scheme designed to avoid security of tenure - relevancy of averments that partnership not as matter of fact operated - validity of provision terminating partnership after five years for purposes of obtaining vacant possession - Agricultural Holdings (Scotland) Act 1991 (c 55), ss 3 and 21. | ||
| 650 | _aAGRICULTURAL HOLDINGS (SCOTLAND) ACT 1991 | ||
| 650 | _aAGRICULTURAL HOLDINGS | ||
| 650 | _aLIMITED PARTNERSHIPS | ||
| 650 | _aSECURITY OF TENURE | ||
| 690 | _aLANDLORD AND TENANT-CASE LAW-AGRICULTURAL TENANCIES | ||
| 942 | _n0 | ||
| 948 | _c21/05/1997 | ||
| 999 |
_c49372 _d49372 |
||